<?xml version="1.0" encoding="UTF-8"?>
<record
    xmlns:xsi="http://www.w3.org/2001/XMLSchema-instance"
    xsi:schemaLocation="http://www.loc.gov/MARC21/slim http://www.loc.gov/standards/marcxml/schema/MARC21slim.xsd"
    xmlns="http://www.loc.gov/MARC21/slim">

  <leader>00810nam a2200205   4500</leader>
  <controlfield tag="005">20260203120813.0</controlfield>
  <controlfield tag="008">260108b        |||||||| |||| 00| 0 eng d</controlfield>
  <datafield tag="020" ind1=" " ind2=" ">
    <subfield code="a">9781782217343</subfield>
  </datafield>
  <datafield tag="041" ind1=" " ind2=" ">
    <subfield code="a">English</subfield>
  </datafield>
  <datafield tag="082" ind1=" " ind2=" ">
    <subfield code="b">DAC</subfield>
    <subfield code="a">746.43</subfield>
  </datafield>
  <datafield tag="100" ind1=" " ind2=" ">
    <subfield code="a">Dace Roz</subfield>
    <subfield code="9">216208</subfield>
  </datafield>
  <datafield tag="245" ind1=" " ind2=" ">
    <subfield code="a">Needle Felting for Beginners: How to Sculpt With Wool</subfield>
  </datafield>
  <datafield tag="260" ind1=" " ind2=" ">
    <subfield code="b">Search Press</subfield>
    <subfield code="c">2025</subfield>
  </datafield>
  <datafield tag="300" ind1=" " ind2=" ">
    <subfield code="a">128</subfield>
  </datafield>
  <datafield tag="365" ind1=" " ind2=" ">
    <subfield code="b">869.65</subfield>
    <subfield code="c">Rs.00</subfield>
  </datafield>
  <datafield tag="520" ind1=" " ind2=" ">
    <subfield code="a">&#x2022;	What is needle felting?
&#x2022;	What you need
&#x2022;	Basic techniques
&#x2022;	The projects. Heart bunting
&#x2022;	Polly Bunny
&#x2022;	Small world pincushion
&#x2022;	Moon gazing hare
&#x2022;	Little robin
&#x2022;	Amanda Panda
&#x2022;	Roving rabbit
&#x2022;	Forest mouse
&#x2022;	Felt a face
&#x2022;	Shabby sheep
&#x2022;	Playful dog
&#x2022;	Crafty fox
</subfield>
  </datafield>
  <datafield tag="650" ind1=" " ind2=" ">
    <subfield code="a">Knitting</subfield>
  </datafield>
  <datafield tag="700" ind1=" " ind2=" ">
    <subfield code="a">Balchin Judy</subfield>
  </datafield>
  <datafield tag="942" ind1=" " ind2=" ">
    <subfield code="c">BK</subfield>
  </datafield>
  <datafield tag="999" ind1=" " ind2=" ">
    <subfield code="c">369753</subfield>
    <subfield code="d">369753</subfield>
  </datafield>
  <datafield tag="952" ind1=" " ind2=" ">
    <subfield code="0">0</subfield>
    <subfield code="1">0</subfield>
    <subfield code="2">ddc</subfield>
    <subfield code="4">0</subfield>
    <subfield code="7">0</subfield>
    <subfield code="a">SOFT</subfield>
    <subfield code="b">SOFT</subfield>
    <subfield code="d">2025-12-31</subfield>
    <subfield code="e">Design Book Studio</subfield>
    <subfield code="g">869.65</subfield>
    <subfield code="i">254</subfield>
    <subfield code="l">0</subfield>
    <subfield code="o">DAC 746.43</subfield>
    <subfield code="p">SOFT-BK-4804</subfield>
    <subfield code="r">2026-01-08 11:20:00</subfield>
    <subfield code="t">25%</subfield>
    <subfield code="v">1159.54</subfield>
    <subfield code="w">2025-11-22</subfield>
    <subfield code="y">BK</subfield>
  </datafield>
</record>
